[Event "Llinars del Valles Seniors op 2nd"]
[Site "Llinars del Valles"]
[Date "2024.05.29"]
[Round "6"]
[White "Farre Muntaner, Jose Ramon"]
[Black "Garcia Perez, Josep"]
[Result "0-1"]
[WhiteElo "1688"]
[BlackElo "1692"]
[PlyCount "52"]
[EventDate "2024.04.10"]
[EventType "swiss"]
[EventRounds "7"]
[EventCountry "ESP"]
[SourceTitle "CBM 220 Extra"]
[Source "ChessBase"]
[SourceDate "2024.07.31"]
[SourceVersion "1"]
[SourceVersionDate "2024.07.31"]
[SourceQuality "1"]

1. e4 e6 2. d4 d5 3. Nd2 Nf6 4. Bd3 c5 5. dxc5 Bxc5 6. Qe2 Nc6 7. c3 e5 8. Nb3 Bd6 9. Bg5 dxe4 10. Bxe4 h6 11. Bh4 0-0 12. h3 Be7 13. Bxc6 bxc6 14. Nf3 e4 15. Nfd4 Qc7 16. Bg3 Qb6 17. 0-0-0 a5 18. Bh4 Rb8 19. Bxf6 Bxf6 20. Qxe4 a4 21. Qxc6 axb3 22. Qxb6 Rxb6 23. Nxb3 Be6 24. Kc2 Rfb8 25. Rd2 Ra8 26. g4 Rxa2 0-1

[Event "Llinars del Valles Seniors op 2nd"]
[Site "Llinars del Valles"]
[Date "2024.04.24"]
[Round "3"]
[White "Garcia Perez, Josep"]
[Black "Benet Saniger, Xavier"]
[Result "1/2-1/2"]
[WhiteElo "1692"]
[BlackElo "1819"]
[PlyCount "145"]
[EventDate "2024.04.10"]
[EventType "swiss"]
[EventRounds "7"]
[EventCountry "ESP"]
[SourceTitle "CBM 220 Extra"]
[Source "ChessBase"]
[SourceDate "2024.07.31"]
[SourceVersion "1"]
[SourceVersionDate "2024.07.31"]
[SourceQuality "1"]

1. e4 e6 2. d3 c5 3. Nf3 Nc6 4. g3 Nge7 5. Bg2 g6 6. 0-0 Bg7 7. c3 d5 8. Nbd2 0-0 9. Re1 e5 10. Qe2 d4 11. Nc4 b5 12. Ncd2 Rb8 13. c4 b4 14. b3 Qc7 15. Nf1 f5 16. exf5 Nxf5 17. N3d2 Nce7 18. Ne4 h6 19. Nfd2 Bb7 20. Rf1 Rf7 21. Bb2 Rbf8 22. a3 a5 23. axb4 axb4 24. Ra2 Ra8 25. Rfa1 Rff8 26. Bc1 Rxa2 27. Rxa2 Ra8 28. Nf1 Rxa2 29. Qxa2 Qb6 30. Nfd2 Nc8 31. h4 Ncd6 32. Kh2 Nxe4 33. Bxe4 Bxe4 34. Nxe4 Nd6 35. Qa8+ Kh7 36. f3 Nxe4 37. fxe4 Qf6 38. Kg2 Qe6 39. Qa2 Qg4 40. Qd2 Qe6 41. Qf2 Qa6 42. Qb2 Bf8 43. Kh2 Be7 44. Qd2 g5 45. Qf2 Qf6 46. Qxf6 Bxf6 47. h5 g4 48. Bd2 Bg5 49. Be1 Kg7 50. Kg2 Kf6 51. Bf2 Bd2 52. Kf1 Kg5 53. Ke2 Bc3 54. Kf1 Kxh5 55. Kg2 Kg5 56. Kh2 Bd2 57. Kg2 h5 58. Kh2 Bc1 59. Kg2 Bd2 60. Kh2 Be3 61. Be1 Bc1 62. Bf2 Ba3 63. Kg2 Bb2 64. Kh2 Ba1 65. Kg2 Bc3 66. Kh2 Bd2 67. Kg2 Bf4 68. gxf4+ exf4 69. e5 Kf5 70. e6 Kxe6 71. Bh4 Kf7 72. Kf2 Ke6 73. Kg2 1/2-1/2

[Event "Llinars del Valles Seniors op 2nd"]
[Site "Llinars del Valles"]
[Date "2024.04.17"]
[Round "2"]
[White "Garcia Extremera, Manuel"]
[Black "Garcia Perez, Josep"]
[Result "0-1"]
[WhiteElo "1600"]
[BlackElo "1692"]
[PlyCount "128"]
[EventDate "2024.04.10"]
[EventType "swiss"]
[EventRounds "7"]
[EventCountry "ESP"]
[SourceTitle "CBM 220 Extra"]
[Source "ChessBase"]
[SourceDate "2024.07.31"]
[SourceVersion "1"]
[SourceVersionDate "2024.07.31"]
[SourceQuality "1"]

1. d4 Nf6 2. c4 g6 3. Nc3 Bg7 4. e4 d6 5. Nf3 0-0 6. Be2 Nbd7 7. 0-0 c5 8. d5 Ne8 9. Ng5 h6 10. Nf3 Kh7 11. Be3 Ne5 12. Nxe5 dxe5 13. Bxc5 Qc7 14. Be3 Nd6 15. Nb5 Nxb5 16. cxb5 f5 17. Rc1 Qd6 18. Bc5 Qf6 19. f3 f4 20. Bf2 g5 21. Kh1 Rg8 22. Rg1 Bf8 23. Qf1 h5 24. g4 hxg4 25. fxg4 Rh8 26. Bf3 Kg6 27. Kg2 Rh6 28. Rh1 Qh8 29. h3 Kf7 30. Rc7 b6 31. Qc4 Bg7 32. d6+ Be6 33. Rxe7+ Kf8 34. Rxe6 Rd8 35. Qd5 Bf6 36. d7 Rh7 37. Rd1 Qg8 38. Qd6+ Kf7 39. Rh1 Qg7 40. Qd5 Rhh8 41. Re7+ Kxe7 42. Rd1 Qh6 43. Qd6+ Kf7 44. Rh1 Qf8 45. Qd5+ Kg6 46. Be2 Qf7 47. Rd1 Rh7 48. Qc6 Rxd7 49. Rxd7 Qxd7 50. Qa8 Rh8 51. Qd5 Qxd5 52. exd5 e4 53. Bc4 e3 54. Be1 Bxb2 55. Bd3+ Kh6 56. h4 Rf8 57. hxg5+ Kxg5 58. Bf5 Bd4 59. Kf3 Rh8 60. Ke4 Bc5 61. Bc3 Rh3 62. Be5 e2 63. Bxf4+ Kh4 64. Bd2 Rh1 0-1

[Event "Llinars del Valles Seniors op 2nd"]
[Site "Llinars del Valles"]
[Date "2024.04.10"]
[Round "1"]
[White "Garcia Perez, Josep"]
[Black "Busom Isach, Carlos"]
[Result "0-1"]
[WhiteElo "1692"]
[BlackElo "2037"]
[PlyCount "80"]
[EventDate "2024.04.10"]
[EventType "swiss"]
[EventRounds "7"]
[EventCountry "ESP"]
[SourceTitle "CBM 220 Extra"]
[Source "ChessBase"]
[SourceDate "2024.07.31"]
[SourceVersion "1"]
[SourceVersionDate "2024.07.31"]
[SourceQuality "1"]

1. e4 c5 2. d3 Nc6 3. Nf3 e6 4. g3 d6 5. Bg2 Nf6 6. 0-0 Be7 7. Re1 0-0 8. Nbd2 Qc7 9. Nf1 Rb8 10. h4 b6 11. N1h2 Bb7 12. Bg5 Rfd8 13. Bxf6 Bxf6 14. c3 Ba6 15. Ng4 Ne5 16. Nxf6+ gxf6 17. c4 b5 18. b3 Rb6 19. Qd2 Qe7 20. Rad1 Kh8 21. Qf4 Rg8 22. Bh3 Bb7 23. Kh2 Bc6 24. d4 cxd4 25. Nxd4 bxc4 26. Nxc6 Rxc6 27. bxc4 Rxc4 28. Re3 Kg7 29. Ra3 d5 30. Re1 Rgc8 31. Rb3 Ra4 32. Kg2 Rcc4 33. Re2 Rxe4 34. Rxe4 Rxe4 35. Qd2 Qc7 36. Kg1 Rc4 37. f4 Rc1+ 38. Bf1 Qc4 39. Qg2 Ng4 40. Rf3 d4 0-1

[Event "Barcelona Sant Marti op 8th"]
[Site "Barcelona"]
[Date "2019.02.28"]
[Round "7"]
[White "Montilla Gordillo, Marti"]
[Black "Garcia Perez, Josep"]
[Result "1-0"]
[WhiteElo "1615"]
[BlackElo "1670"]
[PlyCount "47"]
[EventDate "2019.01.17"]
[EventType "swiss"]
[EventRounds "9"]
[EventCountry "ESP"]
[SourceTitle "CBM 189 Extra"]
[Source "ChessBase"]
[SourceDate "2019.05.31"]
[SourceVersion "1"]
[SourceVersionDate "2019.05.31"]
[SourceQuality "1"]

1. d4 Nf6 2. c4 g6 3. Nc3 Bg7 4. Nf3 0-0 5. e4 d6 6. h3 Nbd7 7. Bg5 e5 8. d5 h6 9. Be3 Nh5 10. Qd2 g5 11. g3 Kh7 12. Be2 Ndf6 13. Nxg5+ hxg5 14. Bxg5 Qe8 15. Qd1 Kg6 16. Qd2 Rh8 17. 0-0-0 Bh6 18. Bxh6 Rxh6 19. Rde1 Kh7 20. f4 Nxg3 21. Rhg1 Bxh3 22. Rxg3 Bd7 23. f5 Qe7 24. Qxh6+ 1-0

[Event "Vall del Tenes op 3rd"]
[Site "Santa Eulalia de Roncana"]
[Date "2014.06.06"]
[Round "7"]
[White "Riera Marcos, Albert"]
[Black "Garcia Perez, Josep"]
[Result "1-0"]
[WhiteElo "1984"]
[BlackElo "1882"]
[PlyCount "71"]
[EventDate "2014.04.25"]
[EventType "swiss"]
[EventRounds "8"]
[EventCountry "ESP"]
[SourceTitle "CBM 160 Extra"]
[Source "ChessBase"]
[SourceDate "2014.07.01"]
[SourceVersion "1"]
[SourceVersionDate "2014.07.01"]
[SourceQuality "1"]

1. d4 Nf6 2. c4 g6 3. Nc3 Bg7 4. e4 d6 5. h3 0-0 6. Be3 e5 7. d5 Nbd7 8. g4 Nc5 9. Bg2 a5 10. Nge2 b6 11. Ng3 Ba6 12. b3 Rb8 13. a4 Bc8 14. Rb1 Bd7 15. f3 Ne8 16. Qd2 f5 17. Bg5 Qc8 18. exf5 gxf5 19. Nh5 f4 20. Nxg7 Kxg7 21. Ne4 Nxe4 22. fxe4 Nf6 23. Bf3 Be8 24. Qe2 Bg6 25. Kd2 h6 26. Bxf6+ Kxf6 27. h4 Qd7 28. g5+ hxg5 29. hxg5+ Kg7 30. Rh6 Rh8 31. Bh5 Rxh6 32. gxh6+ Kh7 33. Bxg6+ Kxg6 34. Rg1+ Kf6 35. Qh5 Qh7 36. Qh4+ 1-0

[Event "Vall del Tenes op 3rd"]
[Site "Santa Eulalia de Roncana"]
[Date "2014.05.02"]
[Round "2"]
[White "Turon Mora, Joan"]
[Black "Garcia Perez, Josep"]
[Result "1/2-1/2"]
[WhiteElo "2009"]
[BlackElo "1882"]
[PlyCount "121"]
[EventDate "2014.04.25"]
[EventType "swiss"]
[EventRounds "8"]
[EventCountry "ESP"]
[SourceTitle "CBM 160 Extra"]
[Source "ChessBase"]
[SourceDate "2014.07.01"]
[SourceVersion "1"]
[SourceVersionDate "2014.07.01"]
[SourceQuality "1"]

1. d4 Nf6 2. c4 g6 3. Nc3 Bg7 4. e4 0-0 5. f3 d6 6. Be3 a6 7. Nge2 Bd7 8. Ng3 b5 9. cxb5 axb5 10. Bxb5 Bxb5 11. Nxb5 Qd7 12. Nc3 Nc6 13. 0-0 Rfb8 14. Qd2 Na5 15. b3 Nb7 16. Na4 Qb5 17. Rac1 Rc8 18. Rc2 Nd7 19. d5 Nbc5 20. Nxc5 Nxc5 21. Ne2 e5 22. Bxc5 dxc5 23. Qc3 f6 24. a4 Qb6 25. Qc4 Kh8 26. Nc1 Bh6 27. Re1 Bf8 28. Nd3 Rcb8 29. Rc3 Ra5 30. f4 Bd6 31. fxe5 fxe5 32. Rf1 Kg7 33. Nc1 Qb4 34. Rff3 Raa8 35. Qxb4 Rxb4 36. Rfe3 c4 37. Kf1 cxb3 38. Nxb3 Raxa4 39. Nc5 Ra2 40. Ne6+ Kg8 41. Nxc7 Rb1+ 42. Re1 Rxe1+ 43. Kxe1 Bb4 44. Nb5 Kf8 45. Kf1 Bxc3 46. Nxc3 Rc2 47. Ne2 Ke7 48. Kf2 Kd6 49. Kf3 h5 50. h4 Ra2 51. Ke3 Ra3+ 52. Kf2 Ra2 53. Ke3 Ra3+ 54. Kf2 Ra4 55. Ke3 Kc5 56. Kd3 Ra3+ 57. Kd2 Kc4 58. g3 Rd3+ 59. Kc2 Ra3 60. Kd2 Ra2+ 61. Ke3 1/2-1/2

[Event "Cerdanyola del Valles op-B 31th"]
[Site "Cerdanyola del Valles"]
[Date "2013.??.??"]
[Round "3.7"]
[White "Garcia Perez, Josep"]
[Black "Barata Anguas, Pedro"]
[Result "1-0"]
[WhiteElo "1674"]
[BlackElo "1620"]
[PlyCount "69"]
[EventDate "2013.10.05"]
[EventType "swiss"]
[EventRounds "8"]
[EventCountry "ESP"]
[SourceTitle "EXT 2024"]
[Source "ChessBase"]
[SourceDate "2023.10.10"]
[SourceVersion "1"]
[SourceVersionDate "2023.10.10"]
[SourceQuality "1"]

1. e4 c5 2. Nf3 Nc6 3. d4 cxd4 4. Nxd4 Nf6 5. Nc3 d6 6. Bg5 e6 7. f3 a6 8. Qd2 Be7 9. g4 Nd7 10. h4 h6 11. Bxe7 Qxe7 12. 0-0-0 Nde5 13. Be2 Na5 14. f4 Nec4 15. Bxc4 Nxc4 16. Qd3 Nb6 17. g5 h5 18. f5 e5 19. Nb3 Kd7 20. Rdf1 Qd8 21. Qf3 Kc7 22. Rd1 Bd7 23. Rh2 Bc6 24. Na5 Nc8 25. Rhd2 b5 26. Nxc6 Kxc6 27. Nd5 Qa5 28. Kb1 Ra7 29. Rd3 Kb7 30. Ra3 Qd8 31. c4 bxc4 32. Qc3 Qd7 33. Qxc4 Qc6 34. Rb3+ Nb6 35. Rxb6+ 1-0

[Event "Cerdanyola del Valles op-B 31th"]
[Site "Cerdanyola del Valles"]
[Date "2013.??.??"]
[Round "8.10"]
[White "Vacas Arno, Gabriel"]
[Black "Garcia Perez, Josep"]
[Result "0-1"]
[WhiteElo "1387"]
[BlackElo "1674"]
[PlyCount "74"]
[EventDate "2013.10.05"]
[EventType "swiss"]
[EventRounds "8"]
[EventCountry "ESP"]
[SourceTitle "EXT 2024"]
[Source "ChessBase"]
[SourceDate "2023.10.10"]
[SourceVersion "1"]
[SourceVersionDate "2023.10.10"]
[SourceQuality "1"]

1. d4 Nf6 2. c4 g6 3. Nc3 Bg7 4. e4 d6 5. Nf3 0-0 6. Be2 e5 7. Be3 exd4 8. Nxd4 Nbd7 9. a3 Ne5 10. h3 Bd7 11. f4 Nc6 12. Nf3 Nh5 13. Nd4 Ng3 14. Rg1 Qh4 15. Bf2 Qxf4 16. Nd5 Qxe4 17. Nxc6 Nxe2 18. Nce7+ Kh8 19. Qxe2 Qxe2+ 20. Kxe2 c6 21. Nc3 Rfe8 22. Bh4 f6 23. Rgf1 Rxe7+ 24. Kd2 g5 25. Bg3 Re6 26. Rae1 Rae8 27. Rxe6 Rxe6 28. Re1 Kg8 29. Rxe6 Bxe6 30. b3 d5 31. cxd5 cxd5 32. Kd3 f5 33. Nb5 f4 34. Bf2 a6 35. Nc7 Bf5+ 36. Ke2 Be4 37. g3 Be5 0-1